00764nam a2200193 a 450000100100000000500170001000800410002704000250006808200160009324501570010926000340026630000280030050000340032850000730036270000360043570000340047170000290050570000360053400004892620201002061521.0190502s2016 dr a r 000 0 spa d aDO-SdBNPbspacBNPHU axxxxbG216a00a"Apuntes de endocrinología clinica" /ceditor Ricardo García Martínez ; Francisco Carvajal Martínez ... et al. ; prólogo Antonio Selman Geara. aSanto Domingo :bs.n.,c2016. a241 p. :bil. ;c21 cm. aIncluye índice alfabético aIncluye referencias bibliográficas y notas al pie de las páginas1 aDe Jesús Ramírez, Corina de1 aDíaz Rodríguez, Jacquelin1 aEstrada Muñoz, Mariano1 aSelman Geara, Antonio,epról.